| 000 | 01229nam a2200301 a 4500 | ||
|---|---|---|---|
| 001 | ebr10021429 | ||
| 003 | CaPaEBR | ||
| 006 | m u | ||
| 007 | cr cn||||||||| | ||
| 008 | 011114s2002 ctu sb 001 0 eng | ||
| 010 | _z 2001058037 | ||
| 020 | _z0275968189 (alk. paper) | ||
| 040 |
_aCaPaEBR _cCaPaEBR |
||
| 035 | _a(OCoLC)614643268 | ||
| 050 | 1 | 4 |
_aKF9665 _b.B58 2002eb |
| 082 | 0 | 4 |
_a345.73/06 _221 |
| 100 | 1 |
_aBloom, Robert M., _d1946- |
|
| 245 | 1 | 0 |
_aRatting _h[electronic resource] : _bthe use and abuse of informants in the American justice system / _cRobert M. Bloom. |
| 260 |
_aWestport, Conn. : _bPraeger, _c2002. |
||
| 300 | _ax, 206 p. | ||
| 504 | _aIncludes bibliographical references (p. [183]-195) and index. | ||
| 533 |
_aElectronic reproduction. _bPalo Alto, Calif. : _cebrary, _d2013. _nAvailable via World Wide Web. _nAccess may be limited to ebrary affiliated libraries. |
||
| 650 | 0 |
_aState's evidence _zUnited States. |
|
| 650 | 0 |
_aInformers _xLegal status, laws, etc. _zUnited States. |
|
| 655 | 7 |
_aElectronic books. _2local |
|
| 710 | 2 | _aebrary, Inc. | |
| 856 | 4 | 0 |
_uhttp://site.ebrary.com/lib/rucke/Doc?id=10021429 _zAn electronic book accessible through the World Wide Web; click to view |
| 999 |
_c10207 _d10207 |
||